| 000 | 01299cad a22002535a 4500 | ||
|---|---|---|---|
| 001 | E148911 | ||
| 008 | 091126s2009 xxkad f s 000 0 eng d | ||
| 035 | _a(Sirsi) u148911 | ||
| 041 | 0 | _aeng | |
| 050 | 0 | 4 | _a333.22 $2 18 |
| 110 | 2 | _aCBI | |
| 245 | 0 | 0 |
_aCBI/GVA Grimley corporate real estate survey _bAutumn 2009 _h[electronic resource] |
| 300 |
_aLondon _bCBI _c2009 |
||
| 490 | 0 |
_aCBI/GVA Grimley Corporate Real Estate Survey _vAutumn 2009 |
|
| 520 | _aSuggests that business confidence for the next two years is increasing and that output expectations for the next six months are also positive. Businesses are continuing to focus on cash flow and reducing costs, and the number of companies that would consider relocating abroad has increased from a year ago. | ||
| 520 | _aFormerly CBI/GVA Grimley Survey of Property Trends. | ||
| 590 | _aKA | ||
| 650 | 2 | 4 | _aCBI/CGV GRIMLEY CORPORATE REAL ESTATE SURVEY |
| 651 | 4 |
_aUnited Kingdom _y |
|
| 690 | _aPROPERTY-COMMERCIAL PROPERTY-COMMERCIAL PROPERTY MARKET | ||
| 710 | 1 |
_aGVA Grimley _93646 |
|
| 856 | 4 | 0 |
_uhttps://www.propertyweek.com/Journals/Builder_Group/Property_Week/20_November_2009/attachments/06404%20Corporate%20ConsultancyCBI%20Survey%20MAIN.pdf _zView this report free of charge (pdf file) at www.propertyweek.com |
| 942 | _n0 | ||
| 999 |
_c110280 _d110280 |
||